000 00729nam a2200241Ia 4500
003 OSt
005 20220923225038.0
006 a|||||r|||| 00| 0
007 ta
008 220922b |||||||| |||| 00| 0 hin d
024 _a255,702
037 _cTextual
040 _aARTS
_cARTS
_bhin
041 _2hin
_ahin
082 _aO152,6M84x, F8
100 _aद्विवेदी, महावीर प्रसाद
245 0 _aलेखान्जलि
246 _aLekhānjali
260 _c1928
650 _aहिन्दी साहित्य
_9156264
942 _hO152,6M84x, F8
_cTEXL
_2CC
999 _c375661
_d375661